|
|
|
|
| LEADER |
00725nam a2200229 a 4500 |
| 001 |
000646439 |
| 003 |
CZ BrMZK |
| 005 |
20240318124045.0 |
| 007 |
ta |
| 008 |
030116s1946 xr f cze d |
| 040 |
|
|
|a BOA001
|b cze
|c BOA001
|
| 041 |
1 |
|
|a cze
|h eng
|
| 100 |
1 |
|
|a Walker, Ralph
|4 aut
|
| 245 |
1 |
0 |
|a Odvážný Wong Dan /
|c Ralph Walker ; z anglického originálu přeložila Božena Šimková
|
| 260 |
|
|
|a Praha :
|b Kalich,
|c 1946
|
| 300 |
|
|
|a 56 s.
|
| 490 |
1 |
|
|a Klásky ;
|v sv. 16
|
| 700 |
1 |
|
|a Šimková, Božena,
|d 1881-1958
|7 jk01130073
|4 trl
|
| 830 |
|
0 |
|a Klásky
|0 s
|
| 910 |
|
|
|a BOA001
|b 1-0199.470,16
|
| 990 |
|
|
|a BK
|
| 996 |
7 |
|
|b 2619485556
|c 1-0199.470,16
|l MZK
|r Sklad / do 1 hodiny
|n 0
|w 000646439
|u 000010
|a 1
|e BOA001
|j MZK50
|s A
|